|
|
|
|
| LEADER |
00000cab a2200000 a 4500 |
| 001 |
vtls001510660 |
| 003 |
SK-MaSNL |
| 005 |
20260304210048.0 |
| 008 |
140912c20012002xo sr 0 0b0slos |
| 035 |
|
|
|a SPKCL12987
|
| 040 |
|
|
|a SPKCL
|b slo
|c SNKBUCL
|d SPK(EB)
|e AACR2
|
| 041 |
0 |
|
|a slo
|
| 044 |
|
|
|a xo
|c SK
|
| 080 |
|
|
|a 37.01:502.3:373.2
|2 1981
|
| 100 |
1 |
|
|a Krátka, Katarína
|4 aut
|9 804875
|
| 245 |
1 |
0 |
|a Environmentálna výchova
|c Katarína Krátka
|
| 650 |
0 |
7 |
|a environmentálna výchova a vzdelávanie
|2 SNKPH
|9 67556
|
| 650 |
0 |
7 |
|a predškolská výchova
|2 SNKPH
|9 3959
|
| 650 |
0 |
7 |
|a deti predškolského veku
|2 SNKPH
|9 4103
|
| 655 |
|
7 |
|a články
|2 SNKPH
|9 70601
|
| 773 |
1 |
|
|t Predškolská výchova
|g Roč. 56, č. 2 (2001/2002), s. 30-32
|
| 850 |
|
|
|a Slovenská pedagogická knižnica Bratislava
|
| 852 |
|
|
|a SPKCL
|b KIS3GCP
|b 000710000
|n SK
|
| 999 |
|
|
|c 3124331
|d 3126261
|